Statistiques concernant Effectif de L’OM en 2020/2021

Cliquez ici pour prendre le quiz!

Statistiques générales

  • Ce quiz a été pris 101 fois
  • Le résultat moyen est 13 sur 30

Statistiques - réponses

PosteJoueur% Correct
GSteve Mandanda
98%
MDimitri Payet
85%
AFlorian Thauvin
83%
GYohan Pelé
78%
CoachJorge Sampaoli
65%
DHiroki Sakai
63%
Classement5
61%
MValentin Rongier
61%
CoachAndré Villas-Boas
54%
DJordan Amavi
54%
AValere Germain
54%
DAlvaro Gonzales
48%
DLeonardo Balerdi
48%
MBoubacar Kamara
46%
ADario Benedetto
46%
DDuje Caleta-Car
46%
AArkadiusz Milik
43%
GSimon Ngapandouetnbu
39%
DPol Lirola
37%
DYuto Nagatomo
35%
ANemanja Radonjic
33%
ABamba Dieng
30%
MMichael Cuisance
28%
MPape Gueye
24%
MOlivier Ntcham
20%
ALuis Henrique
17%
DLucas Perrin
13%
MSaif Khaoui
13%
DChristopher Rocchia
4%
MFranco Tongya
2%

Distribution des résultats

Percentile par nombre de réponses

% des personnes avec chaque résultat

Votre développement - résultats

Vous n’avez pas pris ce quiz